U.S. policy toward Latin America: from regionalism to globalism

Salvato in:
Dettagli Bibliografici
Autore principale: Molineu, Harold (autor)
Natura: Libro
Lingua:inglese
Pubblicazione: Boulder Westview Press 1986
Soggetti:
Tags: Aggiungi Tag
Nessun Tag, puoi essere il primo ad aggiungerne!!

MARC

LEADER 00000nam a2200000 a 4500
001 UCX0394
003 CL-VaPUC
008 891016e19860000US |||||||||||||||||eng|d
082 0 4 |a 327.7308  |b MOL  |2 21 
100 |a Molineu, Harold  |e autor  |9 315805 
245 1 0 |a U.S. policy toward Latin America: from regionalism to globalism 
300 |a 242 p 
942 |c BK 
945 |d 19891016 00:00:00 
260 |a Boulder  |b Westview Press  |c 1986 
650 0 |a Relaciones Exteriores  |9 255379 
651 0 |a América Latina   |9 255027 
651 0 |a Estados Unidos  |9 255178 
583 |a last modification  |c 19891016 00:00:00  |k Rodrigo Vera 
999 |c 222003  |d 222001 
952 |0 0  |1 0  |4 0  |6 327_730800000000000_MOL_1986  |7 0  |8 A  |9 216155  |a BIBHIS  |b BIBHIS  |d 2019-11-15  |i 2847531  |o 327.7308 MOL 1986  |p 2847531  |r 2025-01-20  |w 2019-11-15  |y BK  |k HIS